[Event "Challenge"]
[Site "http://www.queenalice.com/game.php?id=765524"]
[Date "2010.4.24"]
[Round "-"]
[White "giraldes"]
[Black "kly"]
[Result "1-0"]
[WhiteElo "1666"]
[BlackElo "1319"]

1. d4 Nf6 2. Nc3 d6 3. d5 e6 4. e4 c5 5. Bb5+ Bd7 6. Bg5 a6 7. Bxd7+ Nbxd7 8.
dxe6 fxe6 9. Nf3 h6 10. Bxf6 Nxf6 11. Qd2 d5 12. exd5 exd5 13. O-O-O d4 14. Ne2
Qd5 15. Kb1 Ne4 16. Qe1 Bd6 17. Nd2 O-O-O 18. Nxe4 Qxe4 19. Ng3 Qe7 20. Nf5 Qf6
21. Nxd6+ Qxd6 22. b3 b5 23. g3 c4 24. f4 g5 25. Rf1 d3 26. cxd3 cxd3 27. Qc3+
Kb7 28. Rxd3 Rhf8 29. Rxd6 Rxd6 30. Qg7+ Rf7 31. Qxf7+ Kc6 32. Rc1+ Kb6 33. Qc7#
1-0

[Event "Challenge"]
[Site "http://www.queenalice.com/game.php?id=765525"]
[Date "2010.4.24"]
[Round "-"]
[White "kly"]
[Black "giraldes"]
[Result "0-1"]
[WhiteElo "1341"]
[BlackElo "1647"]

1. e4 e5 2. Nf3 Nc6 3. c3 Bc5 4. d3 Nf6 5. Nbd2 Ng4 6. Qe2 Bxf2+ 7. Qxf2 Nxf2 8.
Kxf2 Qf6 9. b4 b5 10. Nb3 h6 11. d4 exd4 12. cxd4 d6 13. Bxb5 Bb7 14. Re1 O-O
15. e5 dxe5 16. dxe5 Nxe5 17. Rxe5 Bxf3 18. Rc5 Bc6+ 19. Kg3 Bxb5 20. Rxb5 Qc3+
21. Kh4 g5+ 22. Kh5 Kg7 23. Bxg5 hxg5 24. Rxg5+ Kf6 25. Rf1+ Ke6 26. Nc5+ Ke7
27. Rd1 Rh8+ 28. Kg4 Qxb4+ 29. Kf3 Rh4 30. Re5+ Kf6 31. Nd7+ Kg7 32. Rg5+ Kh6
33. Rdd5 Qe4+ 34. Kf2 Rf4+ 35. Kg3 Qe3# 0-1

[Event "AUTO-BEG-396"]
[Site "http://www.queenalice.com/game.php?id=777816"]
[Date "2010.5.19"]
[Round "1"]
[White "star_2701"]
[Black "kly"]
[Result "0-1"]
[WhiteElo "1317"]
[BlackElo "1353"]

1. Nf3 f5 2. Nc3 Nc6 3. d4 Nf6 4. e3 d6 5. Bd2 e5 6. dxe5 dxe5 7. Be2 e4 8. Nd4
Bc5 9. O-O O-O 10. a3 a6 11. Nb3 b5 12. Nxc5 Re8 13. b4 g5 14. Na2 g4 15. Nb3
Be6 0-1

[Event "AUTO-BEG-396"]
[Site "http://www.queenalice.com/game.php?id=777817"]
[Date "2010.5.19"]
[Round "1"]
[White "kly"]
[Black "star_2701"]
[Result "1-0"]
[WhiteElo "1337"]
[BlackElo "1333"]

1. d4 Nf6 2. Nc3 d5 3. f3 e6 4. e4 dxe4 5. fxe4 Be7 6. e5 Nfd7 7. Bc4 O-O 8. Nf3
Nc6 9. O-O a6 10. Bf4 Bb4 11. a3 Bxc3 12. bxc3 Re8 13. d5 exd5 14. Bxd5 Ndxe5
15. Ng5 1-0

[Event "AUTO-BEG-396"]
[Site "http://www.queenalice.com/game.php?id=777844"]
[Date "2010.5.19"]
[Round "1"]
[White "kly"]
[Black "ShadowChees"]
[Result "1-0"]
[WhiteElo "1317"]
[BlackElo "1522"]

1. c4 Nf6 2. Nc3 g6 3. e3 Bg7 4. d4 d5 5. Nge2 O-O 6. b3 c6 7. Ba3 Re8 8. Qd3
Bf5 9. e4 Nxe4 10. f3 Nf2 11. Qe3 Nxh1 12. cxd5 cxd5 13. g4 Bc8 14. O-O-O Nc6
15. Bh3 e5 16. Rxh1 exd4 17. Qd3 dxc3 18. Nxc3 Qg5+ 19. Kb1 Re3 20. Qd2 1-0

[Event "AUTO-BEG-396"]
[Site "http://www.queenalice.com/game.php?id=777845"]
[Date "2010.5.19"]
[Round "1"]
[White "ShadowChees"]
[Black "kly"]
[Result "0-1"]
[WhiteElo "1624"]
[BlackElo "1290"]

1. d4 d5 2. c4 c6 3. Nc3 Nd7 4. cxd5 e6 5. dxe6 fxe6 6. e4 e5 7. dxe5 Nxe5 8.
Qxd8+ Kxd8 9. Bf4 Ng4 10. O-O-O+ Bd7 11. Nh3 h6 12. e5 g5 13. e6 gxf4 14. Rxd7+
Ke8 15. Nxf4 N8f6 16. Rxb7 Bc5 17. Bc4 Nxf2 18. Rf1 N2e4 19. Nxe4 Nxe4 20. Ng6
Rg8 21. e7 Rxg6 0-1

[Event "AUTO-BEG-396"]
[Site "http://www.queenalice.com/game.php?id=816212"]
[Date "2010.8.10"]
[Round "2"]
[White "Bluetooth"]
[Black "kly"]
[Result "1-0"]
[WhiteElo "537"]
[BlackElo "1290"]

1. e3 f5 2. d4 d6 3. Nf3 Nd7 4. Bd3 g6 5. O-O e5 6. e4 Qf6 7. Bg5 Qe6 8. exf5
gxf5 9. dxe5 dxe5 10. Re1 Nc5 11. Nxe5 Be7 12. Qh5+ Kd8 13. Nf7+ 1-0

[Event "AUTO-BEG-396"]
[Site "http://www.queenalice.com/game.php?id=816213"]
[Date "2010.8.10"]
[Round "2"]
[White "kly"]
[Black "karadeurso"]
[Result "1/2-1/2"]
[WhiteElo "1260"]
[BlackElo "1679"]

1. d4 Nf6 2. f3 d5 3. Nc3 Nc6 4. e4 dxe4 5. fxe4 Qxd4 6. Nge2 Qxd1+ 7. Nxd1 Nxe4
8. h3 e5 9. Ne3 Bd6 10. g4 Nd4 11. Nc3 Ng3 12. Rg1 Nf3+ 13. Kf2 Nxg1 14. Kxg1
Nxf1 15. Kxf1 Bd7 16. a3 h5 17. g5 Bxh3+ 1/2-1/2

[Event "AUTO-BEG-396"]
[Site "http://www.queenalice.com/game.php?id=816214"]
[Date "2010.8.10"]
[Round "2"]
[White "karadeurso"]
[Black "kly"]
[Result "1-0"]
[WhiteElo "1665"]
[BlackElo "1274"]

1. e4 d6 2. Nf3 e5 3. Bc4 Nf6 4. O-O c6 5. d4 b5 6. dxe5 bxc4 7. exf6 gxf6 8.
Qd4 c5 9. Qd5 Nc6 10. Qxc6+ Bd7 11. Qa6 h5 12. Nc3 f5 13. Re1 Rb8 14. exf5+ Be7
15. Nd5 h4 16. Rxe7+ Qxe7 17. Nxe7 1-0

[Event "AUTO-BEG-396"]
[Site "http://www.queenalice.com/game.php?id=816215"]
[Date "2010.8.10"]
[Round "2"]
[White "kly"]
[Black "swddd"]
[Result "0-1"]
[WhiteElo "1307"]
[BlackElo "1486"]

1. d4 d5 2. f3 e6 3. e4 dxe4 4. fxe4 Qh4+ 5. g3 Qxe4+ 6. Ne2 Qxh1 7. Bf4 Nf6 8.
Nbc3 Bd6 9. Qd3 O-O 10. O-O-O Qxh2 11. Ne4 Nxe4 0-1

[Event "AUTO-BEG-396"]
[Site "http://www.queenalice.com/game.php?id=816216"]
[Date "2010.8.10"]
[Round "2"]
[White "swddd"]
[Black "kly"]
[Result "1-0"]
[WhiteElo "1495"]
[BlackElo "1298"]

1. e4 c6 2. Nf3 d5 3. exd5 cxd5 4. d4 Nc6 5. Bb5 a6 6. Bxc6+ bxc6 7. O-O Bf5 8.
c4 f6 9. Re1 g5 10. Qa4 e5 11. dxe5 fxe5 12. Qxc6+ 1-0

[Event "Challenge"]
[Site "http://www.queenalice.com/game.php?id=829635"]
[Date "2010.9.8"]
[Round "-"]
[White "kly"]
[Black "giraldes"]
[Result "0-1"]
[WhiteElo "1272"]
[BlackElo "1520"]

1. d4 d5 2. b3 Bf5 3. f3 e6 4. Nc3 Bb4 5. Bb2 c6 6. a3 Bxc3+ 7. Bxc3 Nf6 8. h3
g5 9. g4 Bg6 10. h4 gxh4 11. Rxh4 Ne4 12. Bb4 Qxh4# 0-1

[Event "Challenge"]
[Site "http://www.queenalice.com/game.php?id=866042"]
[Date "2010.12.1"]
[Round "-"]
[White "giraldes"]
[Black "kly"]
[Result "1-0"]
[WhiteElo "1526"]
[BlackElo "1266"]

1. c4 d5 2. cxd5 Qxd5 3. Nc3 Qc6 4. Nf3 f6 5. e3 a6 6. a4 b5 7. axb5 axb5 8.
Rxa8 Qxa8 9. Bxb5+ c6 10. Qa4 Na6 11. Bxc6+ Bd7 12. Bxd7+ Kd8 13. Be8 e5 14.
Qd7# 1-0

[Event "Challenge"]
[Site "http://www.queenalice.com/game.php?id=866043"]
[Date "2010.12.1"]
[Round "-"]
[White "kly"]
[Black "giraldes"]
[Result "1-0"]
[WhiteElo "1260"]
[BlackElo "1572"]

1. d4 d5 2. Nc3 Nf6 3. f3 Bf5 4. h4 h5 5. Bf4 a6 6. e3 Nc6 7. Bd3 Bxd3 8. cxd3
g6 9. Qa4 b5 10. Qb3 e6 11. Bg5 Be7 12. Nh3 Na5 13. Qc2 Bb4 14. O-O O-O 15. e4
dxe4 16. a3 Bxc3 17. Qxc3 Nb7 18. Rae1 Nd6 19. fxe4 Nde8 20. e5 Rc8 21. Qb4 c5
22. dxc5 Qxd3 23. Bh6 Nd5 24. Nf4 Ng7 25. Nxd3 Nxb4 26. axb4 Rfd8 27. Nf4 Nf5
28. Bg5 Rd7 29. b3 Ra7 30. Ne2 Rd7 31. Nc3 Rd3 32. Ne4 Rxb3 33. Nf6+ Kg7 34. Rd1
Ne3 35. Rb1 Rxb1 36. Rxb1 Nf5 37. Ra1 Rd8 38. Ne4 Rd4 39. Bf6+ Kg8 40. Re1 Rxb4
41. c6 Rc4 42. Ng5 Rxc6 43. Rd1 b4 44. Rd8# 1-0

[Event "Challenge"]
[Site "http://www.queenalice.com/game.php?id=912167"]
[Date "2011.3.13"]
[Round "-"]
[White "giraldes"]
[Black "kly"]
[Result "1-0"]
[WhiteElo "1603"]
[BlackElo "1288"]

1. b3 c5 2. Bb2 Nc6 3. e4 e6 4. Bc4 d5 5. exd5 exd5 6. Bb5 Qe7+ 7. Qe2 Be6 8.
Nf3 g5 9. Bxh8 h5 10. Bxc6+ bxc6 11. d3 d4 12. O-O g4 13. Ne5 Qd6 14. Nd2 O-O-O
15. Ndc4 Qd5 16. Rab1 Be7 17. g3 f6 18. Ng6 Re8 19. Nxe7+ Nxe7 20. Bxf6 Ng8 21.
Bg5 a6 22. Bf4 Nf6 23. Nb6+ Kd8 24. Nxd5 Nxd5 25. Qd2 h4 26. Bg5+ Ne7 27. Qa5+
Kc8 28. Qxa6+ Kd7 29. Bxh4 Bd5 30. Rfe1 c4 31. bxc4 Bf3 32. Qb7+ Kd6 33. Bxe7+
Rxe7 34. Rxe7 c5 35. Qc7# 1-0

[Event "Challenge"]
[Site "http://www.queenalice.com/game.php?id=912168"]
[Date "2011.3.13"]
[Round "-"]
[White "kly"]
[Black "giraldes"]
[Result "0-1"]
[WhiteElo "1285"]
[BlackElo "1601"]

1. c4 Nf6 2. Nc3 d5 3. b3 Nc6 4. f3 Bf5 5. h3 e5 6. a4 Nb4 7. d3 dxc4 8. bxc4
Bc5 9. e3 Bxd3 10. Nge2 Nc2+ 11. Kf2 Nxa1 12. g4 g5 13. Ng3 Qd7 14. Bxd3 O-O-O
15. Nce4 Nxe4+ 16. Nxe4 Qxd3 17. Qxd3 Rxd3 18. Bb2 Nb3 19. Bxe5 Rhd8 20. Nf6
Rd2+ 21. Kg3 Bxe3 22. Nd5 Bf4+ 23. Bxf4 gxf4+ 24. Kxf4 Rf8 25. Ne7+ Kb8 26. Re1
f5 27. gxf5 Nc5 28. Nd5 Nd3+ 29. Ke3 Nxe1 30. Kxd2 Nxf3+ 31. Ke3 Ne5 32. Ke4
Nxc4 33. h4 h5 34. Nf4 Nd6+ 35. Ke5 Rxf5+ 36. Kd4 Rxf4+ 37. Ke5 Rxh4 38. a5 Nc4+
39. Kf5 Nxa5 0-1

[Event "Challenge"]
[Site "http://www.queenalice.com/game.php?id=970406"]
[Date "2011.8.9"]
[Round "-"]
[White "kly"]
[Black "giraldes"]
[Result "0-1"]
[WhiteElo "1282"]
[BlackElo "1641"]

1. d4 d5 2. f3 Bf5 3. g4 Bg6 4. c3 e6 5. Nd2 Bd6 6. e4 dxe4 7. fxe4 Qh4+ 8. Ke2
Qxg4+ 9. Ngf3 Nf6 10. Qa4+ Nc6 11. Nc4 Qxe4+ 12. Kf2 Ng4+ 13. Kg2 Bh5 14. Nxd6+
cxd6 15. Bb5 Ne3+ 16. Bxe3 Bxf3+ 17. Kg1 Qxe3+ 18. Kf1 O-O 19. Re1 Qf4 20. Rg1
Bg4+ 21. Kg2 Qf3# 0-1

[Event "Challenge"]
[Site "http://www.queenalice.com/game.php?id=1037389"]
[Date "2012.3.9"]
[Round "-"]
[White "giraldes"]
[Black "kly"]
[Result "1-0"]
[WhiteElo "1631"]
[BlackElo "1278"]

1. d4 f6 2. e4 e5 3. d5 d6 4. Bc4 Ne7 5. Be3 c6 6. h3 g5 7. Nc3 a6 8. Qe2 h5 9.
O-O-O h4 10. g4 b5 11. Bb3 a5 12. a4 b4 13. Na2 Ba6 14. Qf3 Bg7 15. Ne2 Bxe2 16.
Qxe2 cxd5 17. exd5 O-O 18. f4 f5 19. gxf5 gxf4 20. Bf2 Rxf5 21. Bxh4 f3 22. Qf2
Bh6+ 23. Kb1 Na6 24. Rhg1+ Kf7 25. Rg3 e4 26. Nc1 Nc5 27. Ne2 Rc8 28. Nd4 Nxb3
29. Nxf5 Qc7 30. Nd4 Bd2 31. cxb3 Qc1+ 32. Rxc1 Rxc1+ 33. Ka2 Be1 34. Qe3 Nxd5
35. Qxc1 f2 36. Qg5 f1=Q 37. Qg6+ Kf8 38. Ne6# 1-0

[Event "Challenge"]
[Site "http://www.queenalice.com/game.php?id=1037391"]
[Date "2012.3.9"]
[Round "-"]
[White "kly"]
[Black "giraldes"]
[Result "0-1"]
[WhiteElo "1280"]
[BlackElo "1644"]

1. d4 d5 2. c3 Bf5 3. Na3 Nc6 4. Bf4 e6 5. h3 Bd6 6. g3 g5 7. Nf3 gxf4 8. gxf4
Bxf4 9. e3 Bd6 10. Nb5 a6 11. Nxd6+ Qxd6 12. a4 Nf6 13. Ra3 O-O-O 14. b4 e5 15.
Ng5 Bg6 16. c4 Qxb4+ 17. Qd2 Qxa3 18. Ke2 Qxa4 19. Kf3 Ne4 20. Nxe4 dxe4+ 21.
Kg4 exd4 22. Be2 d3 0-1